[Event "17. Europa ch Juvenil - Masculino s18"]
[Site "Sibenik CRO"]
[Date "2007.09.14"]
[Round "1.2"]
[White "Bindrich, Falko"]
[Black "Beck, Frederik"]
[Result "1-0"]
[WhiteElo "2504"]
[BlackElo "2292"]
[PlyCount "107"]
[EventDate "2007.09.14"]
[EventType "swiss"]
[EventRounds "9"]
[EventCountry "CRO"]
[Source "lmi"]
[SourceDate "2007.09.14"]

1. e4 c5 2. Nf3 e6 3. Nc3 a6 4. d4 cxd4 5. Nxd4 Qc7 6. Bd3 Nc6 7. Nxc6 dxc6 8.
O-O e5 9. f4 Nf6 10. Kh1 Bc5 11. Qf3 Ng4 12. Na4 Bd4 13. c3 Ba7 14. b4 Qe7 15.
Nc5 exf4 16. Bxf4 Bb8 17. Qg3 Be5 18. h3 g5 19. Bxe5 Qxe5 20. Qxe5+ Nxe5 21.
Be2 Ke7 22. Rad1 a5 23. b5 cxb5 24. Bxb5 Be6 25. Rd2 b6 26. Na4 Rhd8 27. Rb2
Rd6 28. Be2 Bc4 29. Rf5 Nd3 30. Rxb6 Rad8 31. a3 Be6 32. Rxd6 Rxd6 33. Rxg5
Nf2+ 34. Kh2 Nxe4 35. Rxa5 Rd2 36. Bf3 Nd6 37. Nc5 Bf5 38. Nb7 Be6 39. Nxd6
Kxd6 40. Ra6+ Kc5 41. a4 Kc4 42. Rc6+ Kb3 43. a5 Bc4 44. a6 Ra2 45. Kg3 Ra1 46.
h4 Bxa6 47. Bd5+ Kb2 48. Bxf7 Ra3 49. Kf4 Bd3 50. c4 Kc3 51. g4 Ra1 52. Kg5 Rf1
53. Be6 Be2 54. h5 1-0

[Event "17. Europa ch Juvenil - Masculino s18"]
[Site "Sibenik CRO"]
[Date "2007.09.14"]
[Round "1.3"]
[White "Papp, Tamas"]
[Black "Kravtsiv, Martyn"]
[Result "0-1"]
[WhiteElo "2281"]
[BlackElo "2492"]
[PlyCount "76"]
[EventDate "2007.09.14"]
[EventType "swiss"]
[EventRounds "9"]
[EventCountry "CRO"]
[Source "lmi"]
[SourceDate "2007.09.14"]

1. e4 e5 2. Bc4 Nf6 3. d4 exd4 4. Nf3 Nc6 5. e5 d5 6. Bb5 Ne4 7. Nxd4 Bd7 8.
Bxc6 bxc6 9. O-O Bc5 10. f3 Ng5 11. Be3 Bb6 12. f4 Ne4 13. Nc3 Nxc3 14. bxc3
O-O 15. Qd2 Qe7 16. Rae1 Rae8 17. Nb3 Bf5 18. a4 Be4 19. Bd4 c5 20. Bf2 c4 21.
Nd4 f6 22. a5 Bc5 23. Bg3 Qf7 24. Rf2 Qg6 25. Ref1 fxe5 26. fxe5 Rxf2 27. Rxf2
h5 28. Kh1 Rb8 29. Qc1 h4 30. Bf4 h3 31. Bg3 Bxg2+ 32. Kg1 Be4 33. Qf1 Bxc2 34.
Qxh3 Bxd4 35. cxd4 Bd3 36. Qd7 Rb1+ 37. Kg2 Be4+ 38. Kh3 Qh5+ 0-1

[Event "17. Europa ch Juvenil - Masculino s18"]
[Site "Sibenik CRO"]
[Date "2007.09.14"]
[Round "1.4"]
[White "Grigoryan, Avetik"]
[Black "Hrabusa, Matej"]
[Result "1/2-1/2"]
[WhiteElo "2489"]
[BlackElo "2277"]
[PlyCount "106"]
[EventDate "2007.09.14"]
[EventType "swiss"]
[EventRounds "9"]
[EventCountry "CRO"]
[Source "lmi"]
[SourceDate "2007.09.14"]

1. d4 d5 2. c4 c6 3. Nf3 Nf6 4. Nc3 e6 5. Bg5 h6 6. Bh4 dxc4 7. e4 g5 8. Bg3 b5
9. Be2 Bb7 10. h4 g4 11. Ne5 Rg8 12. Nxg4 Nbd7 13. Nxf6+ Nxf6 14. e5 Nd5 15.
O-O Nxc3 16. bxc3 Be7 17. a4 Bxh4 18. axb5 Bxg3 19. fxg3 cxb5 20. Bh5 Qd5 21.
Rf3 O-O-O 22. Rxa7 Rd7 23. Rf2 Rxg3 24. Bf3 Qxf3 25. Rxf3 Bxf3 26. Qa1 Rxg2+
27. Kf1 Rxa7 28. Qxa7 Rb2 29. Qa3 Rb1+ 30. Kf2 Bd5 31. Qf8+ Kb7 32. Ke2 Rb2+
33. Ke3 Rb3 34. Kd2 Rb2+ 35. Kc1 Rf2 36. Qe7+ Kc8 37. Qe8+ Kc7 38. Qxb5 Kd8 39.
Qb8+ Ke7 40. Qh8 Rf1+ 41. Kb2 Rh1 42. Qf6+ Ke8 43. Qh8+ Ke7 44. Qh7 h5 45. Ka3
Ra1+ 46. Kb4 Ra7 47. Qxh5 Rb7+ 48. Kc5 Rc7+ 49. Kb5 Rb7+ 50. Kc5 Rc7+ 51. Kb5
Rb7+ 52. Ka6 Rb3 53. Qh4+ Kd7 1/2-1/2

[Event "17. Europa ch Juvenil - Masculino s18"]
[Site "Sibenik CRO"]
[Date "2007.09.14"]
[Round "1.5"]
[White "Katov, Luboslav"]
[Black "Rakhmanov, Alexander"]
[Result "0-1"]
[WhiteElo "2277"]
[BlackElo "2489"]
[PlyCount "120"]
[EventDate "2007.09.14"]
[EventType "swiss"]
[EventRounds "9"]
[EventCountry "CRO"]
[Source "lmi"]
[SourceDate "2007.09.14"]

1. e4 c5 2. Nc3 Nc6 3. f4 e6 4. Nf3 d5 5. exd5 exd5 6. Bb5 Nge7 7. Qe2 Qd6 8.
O-O Bg4 9. Bxc6+ Qxc6 10. h3 Bxf3 11. Qxf3 d4 12. Ne2 Qxf3 13. Rxf3 O-O-O 14.
d3 f5 15. Bd2 Nd5 16. g4 h5 17. gxh5 Rxh5 18. Ng3 Rxh3 19. Kg2 Rh8 20. Nxf5 g6
21. Ng3 Bd6 22. Raf1 Ne7 23. Ne4 Nf5 24. Rh3 Rxh3 25. Kxh3 Kd7 26. Kg2 Be7 27.
a4 b6 28. b3 a6 29. Rh1 Ra8 30. Kf2 Rf8 31. Rg1 Rg8 32. Ke2 Ke6 33. Kf3 Kf7 34.
Rh1 Rc8 35. Ra1 Rh8 36. Kg2 Ke6 37. Rg1 Kd5 38. Rh1 Nh4+ 39. Kg3 Nf5+ 40. Kg2
Rf8 41. Rg1 Rc8 42. Kf2 Rc6 43. Rh1 b5 44. axb5 axb5 45. Ra1 c4 46. bxc4+ bxc4
47. Ra5+ Ke6 48. dxc4 Rxc4 49. c3 dxc3 50. Re5+ Kf7 51. Bxc3 Nd6 52. Nxd6+ Bxd6
53. Rd5 Bc5+ 54. Rxc5 Rxc5 55. Be5 Ke6 56. Kf3 Kf5 57. Bd6 Rc3+ 58. Kf2 Kg4 59.
Be5 Rf3+ 60. Kg2 Rxf4 0-1

[Event "17. Europa ch Juvenil - Masculino s18"]
[Site "Sibenik CRO"]
[Date "2007.09.14"]
[Round "1.8"]
[White "Brunello, Sabino"]
[Black "Galazewski, Tomasz"]
[Result "1/2-1/2"]
[WhiteElo "2475"]
[BlackElo "2259"]
[PlyCount "132"]
[EventDate "2007.09.14"]
[EventType "swiss"]
[EventRounds "9"]
[EventCountry "CRO"]
[Source "lmi"]
[SourceDate "2007.09.14"]

1. e4 c5 2. Nf3 d6 3. d4 cxd4 4. Nxd4 Nf6 5. Nc3 Nc6 6. Be2 e5 7. Nf3 h6 8. O-O
Be7 9. h3 O-O 10. Re1 Be6 11. Bf1 Rc8 12. Nd5 Bxd5 13. exd5 Nb4 14. c4 a5 15.
Be3 Nd7 16. a3 Na6 17. Rb1 Nac5 18. b4 axb4 19. axb4 Ne4 20. Qb3 f5 21. Rbd1
Kh8 22. c5 dxc5 23. d6 Bf6 24. Bb5 cxb4 25. Qxb4 Nc3 26. Rc1 Na2 27. Rxc8 Nxb4
28. Rxd8 Rxd8 29. Nd2 Nc2 30. Rc1 Nxe3 31. fxe3 Nb6 32. Rc7 Rxd6 33. Nf1 Nd5
34. Rxb7 Bg5 35. Kf2 Nc3 36. Bd7 Ne4+ 37. Ke2 g6 38. Be8 Ra6 39. Rb2 Kg7 40.
Rc2 Nd6 41. Bc6 Kf6 42. Bd5 Ra5 43. Bb3 f4 44. exf4 exf4 45. Rc6 Ke7 46. Kf2
Kd7 47. Rc2 Ra3 48. Bd5 Bh4+ 49. Ke2 Nf5 50. Ra2 Rc3 51. Kd2 Rc5 52. Be4 Ke6
53. Nh2 Nd6 54. Ra6 g5 55. Nf3 Bf2 56. Ke2 Be3 57. Bd3 h5 58. g3 g4 59. hxg4
hxg4 60. gxf4 Bxf4 61. Nh4 Rh5 62. Ng2 Rh2 63. Be4 Ke5 64. Ba8 Nf5 65. Ra5+ Kf6
66. Ra4 Be5 1/2-1/2

[Event "17. Europa ch Juvenil - Masculino s18"]
[Site "Sibenik CRO"]
[Date "2007.09.14"]
[Round "1.9"]
[White "Genzling, Alain"]
[Black "Vocaturo, Daniele"]
[Result "1-0"]
[WhiteElo "2255"]
[BlackElo "2459"]
[PlyCount "117"]
[EventDate "2007.09.14"]
[EventType "swiss"]
[EventRounds "9"]
[EventCountry "CRO"]
[Source "lmi"]
[SourceDate "2007.09.14"]

1. e4 c5 2. Nc3 d6 3. Nge2 Nf6 4. g3 g6 5. Bg2 Bg7 6. d4 cxd4 7. Nxd4 O-O 8. h3
Nc6 9. Be3 Bd7 10. Nde2 Qa5 11. a4 Rac8 12. O-O Qh5 13. Qc1 e5 14. g4 Nxg4 15.
Ng3 Nxe3 16. Nxh5 Nxg2 17. Kxg2 gxh5 18. Nd5 Kh8 19. c3 f5 20. f3 Be6 21. Qg5
Rf7 22. Qxh5 Rcf8 23. Ne3 f4 24. Ng4 d5 25. Rad1 dxe4 26. fxe4 f3+ 27. Kf2 Rf4
28. Rd6 Bf7 29. Qg5 Rxe4 30. Nf6 Rf4 31. Rg1 Bxf6 32. Rxf6 Rg8 33. Qh6 Rxg1 34.
Rxf4 Rg2+ 35. Kxf3 Bd5+ 36. Re4 Rg7 37. Ke3 Bxe4 38. Kxe4 Rf7 39. Qe6 Kg7 40.
b4 Rf6 41. Qd7+ Rf7 42. Qg4+ Kf8 43. Qc8+ Kg7 44. b5 Ne7 45. Qxb7 Ng6 46. Qa6
Rc7 47. a5 Rxc3 48. Qxa7+ Kf6 49. Qxh7 Rb3 50. b6 Rb4+ 51. Ke3 Ne7 52. Qh8+ Ke6
53. Qd8 e4 54. Ke2 Rb2+ 55. Ke1 Nd5 56. Qe8+ Kf5 57. Qd7+ Ke5 58. Qg7+ Nf6 59.
b7 1-0

[Event "17. Europa ch Juvenil - Masculino s18"]
[Site "Sibenik CRO"]
[Date "2007.09.14"]
[Round "1.10"]
[White "Saric, Ivan"]
[Black "Narmontas, Tauras"]
[Result "1-0"]
[WhiteElo "2442"]
[BlackElo "2227"]
[PlyCount "53"]
[EventDate "2007.09.14"]
[EventType "swiss"]
[EventRounds "9"]
[EventCountry "CRO"]
[Source "lmi"]
[SourceDate "2007.09.14"]

1. e4 c5 2. Nf3 g6 3. d4 cxd4 4. Nxd4 Nc6 5. Nc3 Bg7 6. Be3 Nf6 7. Bc4 O-O 8.
Bb3 Ng4 9. Qxg4 Nxd4 10. Qd1 Nxb3 11. axb3 b6 12. Bd4 d6 13. Bxg7 Kxg7 14. Qd4+
Kg8 15. O-O-O Bb7 16. h4 Qc8 17. h5 Qc5 18. Qd2 Rac8 19. Rh3 b5 20. Rdh1 g5 21.
b4 Qc7 22. Nxb5 Qc4 23. Qxg5+ Kh8 24. Rc3 Qxe4 25. Nxd6 f6 26. Rxc8 Bxc8 27.
Qh6 1-0

[Event "17. Europa ch Juvenil - Masculino s18"]
[Site "Sibenik CRO"]
[Date "2007.09.14"]
[Round "1.12"]
[White "Mozharov, Mikhail"]
[Black "Ocnarescu, Victor"]
[Result "1-0"]
[WhiteElo "2424"]
[BlackElo "2215"]
[PlyCount "83"]
[EventDate "2007.09.14"]
[EventType "swiss"]
[EventRounds "9"]
[EventCountry "CRO"]
[Source "lmi"]
[SourceDate "2007.09.14"]

1. d4 Nf6 2. c4 g6 3. Nc3 d5 4. Nf3 Bg7 5. Bg5 Ne4 6. cxd5 Nxg5 7. Nxg5 e6 8.
Nf3 exd5 9. e3 O-O 10. b4 c6 11. Be2 Bg4 12. Qb3 Nd7 13. O-O a6 14. a4 Nb6 15.
Nd2 Bxe2 16. Nxe2 Qd6 17. Nf4 Bxd4 18. Rad1 Be5 19. Ne4 Qc7 20. Nc5 Bxf4 21.
exf4 Nc4 22. Qh3 b6 23. Nd7 Qxf4 24. Nxf8 Rxf8 25. Qc3 Re8 26. b5 axb5 27. axb5
cxb5 28. Rxd5 Re5 29. g3 Qe4 30. Rd4 Qe2 31. Rd8+ Kg7 32. Rb1 f6 33. Rd7+ Kh6
34. Qd4 g5 35. Rf7 Qf3 36. h4 Kg6 37. Qd7 Qf5 38. h5+ Kxh5 39. Rxh7+ Kg4 40.
Qd4+ Re4 41. Qd1+ Qf3 42. Qd7+ 1-0

[Event "17. Europa ch Juvenil - Masculino s18"]
[Site "Sibenik CRO"]
[Date "2007.09.14"]
[Round "1.13"]
[White "Muheim, Lukas"]
[Black "Nestorovic, Nikola"]
[Result "0-1"]
[WhiteElo "2210"]
[BlackElo "2424"]
[PlyCount "74"]
[EventDate "2007.09.14"]
[EventType "swiss"]
[EventRounds "9"]
[EventCountry "CRO"]
[Source "lmi"]
[SourceDate "2007.09.14"]

1. e4 c5 2. Nf3 a6 3. c3 e6 4. d4 d5 5. e5 Bd7 6. a3 cxd4 7. cxd4 Bb5 8. Bxb5+
axb5 9. O-O Nc6 10. Nc3 b4 11. Nb5 Qb6 12. a4 Na7 13. Bd2 Nc6 14. Qe2 h5 15. b3
Nh6 16. Bxh6 Rxh6 17. Qe3 Be7 18. Ng5 Rh8 19. h4 Rf8 20. Rfc1 O-O-O 21. Qd3 Kb8
22. Rc2 Rd7 23. Rd1 Qd8 24. f4 Bxg5 25. hxg5 f6 26. gxf6 gxf6 27. Nd6 fxe5 28.
fxe5 Qb6 29. Kh1 Rf4 30. Qg6 Rh4+ 31. Kg1 Rxd4 32. Rxd4 Qxd4+ 33. Kf1 Qa1+ 34.
Kf2 Qxe5 35. Rxc6 Qd4+ 36. Kf1 bxc6 37. Qxe6 Qf4+ 0-1

[Event "17. Europa ch Juvenil - Masculino s18"]
[Site "Sibenik CRO"]
[Date "2007.09.14"]
[Round "1.14"]
[White "Llorente Zaro, Alfonso"]
[Black "Roberson, Peter Thomas"]
[Result "1-0"]
[WhiteElo "2422"]
[BlackElo "2209"]
[PlyCount "79"]
[EventDate "2007.09.14"]
[EventType "swiss"]
[EventRounds "9"]
[EventCountry "CRO"]
[Source "lmi"]
[SourceDate "2007.09.14"]

1. c4 e5 2. g3 c6 3. d4 Bb4+ 4. Bd2 Bxd2+ 5. Qxd2 d6 6. Nc3 Nf6 7. Bg2 O-O 8.
e3 Qe7 9. Nge2 Re8 10. h3 Nbd7 11. O-O h6 12. Rae1 Nb6 13. b3 Bd7 14. g4 Rad8
15. Ng3 exd4 16. Qxd4 Bc8 17. e4 Qe5 18. Rd1 Nbd7 19. Nf5 Nf8 20. Nxd6 Qxd4 21.
Rxd4 Re6 22. Rfd1 c5 23. R4d2 Ng6 24. Ne2 Nh4 25. f4 Nxg2 26. Kxg2 Ne8 27. Nxc8
Rxc8 28. Kf3 g5 29. f5 Re5 30. Rd5 Re7 31. e5 Kh7 32. Nc3 b6 33. Ne4 Rc6 34.
Rd7 Rc7 35. Rd8 Rc6 36. R1d7 Rxe5 37. Rxf7+ Kg8 38. Rf6 Rc7 39. Re6 Rxe6 40.
fxe6 1-0

[Event "17. Europa ch Juvenil - Masculino s18"]
[Site "Sibenik CRO"]
[Date "2007.09.14"]
[Round "1.15"]
[White "Szekeres, Robert"]
[Black "Levin, Evgeny"]
[Result "0-1"]
[WhiteElo "2209"]
[BlackElo "2421"]
[PlyCount "92"]
[EventDate "2007.09.14"]
[EventType "swiss"]
[EventRounds "9"]
[EventCountry "CRO"]
[Source "lmi"]
[SourceDate "2007.09.14"]

1. d4 Nf6 2. c4 g6 3. Nf3 Bg7 4. g3 O-O 5. Bg2 d6 6. O-O Nc6 7. Nc3 Rb8 8. Qd3
Nd7 9. e4 a6 10. Be3 b5 11. b3 b4 12. Na4 a5 13. Rac1 Ba6 14. d5 Nce5 15. Nxe5
Nxe5 16. Qd2 e6 17. h3 exd5 18. Qxd5 Bb7 19. Qd2 Re8 20. Rfd1 Bf8 21. c5 Ba6
22. Qc2 Qc8 23. f4 Nd7 24. cxd6 cxd6 25. Qf2 Qd8 26. e5 Rc8 27. Rxc8 Qxc8 28.
exd6 Re6 29. Nb6 Nxb6 30. Bxb6 Bxd6 31. Bf3 Bc7 32. Bc5 Bb7 33. Bxb7 Qxb7 34.
Qg2 Qb5 35. Qa8+ Re8 36. Qd5 Bd8 37. Qxd8 Rxd8 38. Rxd8+ Kg7 39. Bf8+ Kf6 40.
Rd6+ Kf5 41. Rd1 Qb6+ 42. Kf1 Ke4 43. Bd6 f6 44. Rd2 Ke3 45. Ke1 Qc6 46. Kd1
Qc3 0-1

[Event "17. Europa ch Juvenil - Masculino s18"]
[Site "Sibenik CRO"]
[Date "2007.09.14"]
[Round "1.16"]
[White "Figura, Atila Gajo"]
[Black "Froewis, Georg"]
[Result "0-1"]
[WhiteElo "2413"]
[BlackElo "2208"]
[PlyCount "110"]
[EventDate "2007.09.14"]
[EventType "swiss"]
[EventRounds "9"]
[EventCountry "CRO"]
[Source "lmi"]
[SourceDate "2007.09.14"]

1. d4 Nf6 2. c4 c5 3. d5 e6 4. Nc3 exd5 5. cxd5 d6 6. e4 g6 7. f4 Bg7 8. Bb5+
Nbd7 9. Nf3 O-O 10. O-O Qc7 11. Bd3 c4 12. Bc2 Qc5+ 13. Kh1 b5 14. a3 Re8 15.
Qe1 Rb8 16. Be3 Qc7 17. Qh4 a5 18. e5 b4 19. axb4 axb4 20. Ra7 Qd8 21. exf6
Rxe3 22. Ng5 Nxf6 23. Nce4 Rxe4 24. Bxe4 Bd7 25. Bf3 h6 26. Nh3 Qb6 27. Raa1
Qd4 28. Qf2 Ng4 29. Bxg4 Bxg4 30. Qxd4 Bxd4 31. Nf2 Bf5 32. Rac1 Rc8 33. g4 Bd7
34. Rb1 c3 35. bxc3 bxc3 36. Nd3 Bxg4 37. Rb4 Be3 38. Nc1 c2 39. Rb3 Re8 40.
Kg2 Bxc1 41. Rxc1 Re2+ 42. Kg3 Bf5 43. Ra3 Rd2 44. Kf3 Rd1 45. Raa1 Rxd5 46.
Ke2 Kg7 47. h3 Rd4 48. Kf3 Rd3+ 49. Kg2 Rd2+ 50. Kg3 d5 51. Re1 d4 52. Kf3 Bxh3
53. Ra7 h5 54. Raa1 Bg4+ 55. Ke4 Rd1 0-1

[Event "17. Europa ch Juvenil - Masculino s18"]
[Site "Sibenik CRO"]
[Date "2007.09.14"]
[Round "1.17"]
[White "Plenca, Julijan"]
[Black "Can, Emre"]
[Result "0-1"]
[WhiteElo "2204"]
[BlackElo "2411"]
[PlyCount "48"]
[EventDate "2007.09.14"]
[EventType "swiss"]
[EventRounds "9"]
[EventCountry "CRO"]
[Source "lmi"]
[SourceDate "2007.09.14"]

1. e4 c5 2. c3 e6 3. d4 d5 4. e5 Qb6 5. Bd3 cxd4 6. cxd4 Nc6 7. Nf3 Bd7 8. O-O
Nxd4 9. Nxd4 Qxd4 10. Qe2 Ne7 11. Nc3 a6 12. Be3 Qxe5 13. f4 Qd6 14. f5 e5 15.
Rad1 Bc6 16. Bc4 d4 17. Bg5 f6 18. Qh5+ Kd8 19. Be3 Qc5 20. Be6 Kc7 21. Rc1
dxe3 22. Nd5+ Nxd5 23. Rxc5 Bxc5 24. Kh1 Nf4 0-1

[Event "17. Europa ch Juvenil - Masculino s18"]
[Site "Sibenik CRO"]
[Date "2007.09.14"]
[Round "1.19"]
[White "Teixeira, Rafael Goltsman"]
[Black "Olszewski, Michal"]
[Result "0-1"]
[WhiteElo "2188"]
[BlackElo "2409"]
[PlyCount "70"]
[EventDate "2007.09.14"]
[EventType "swiss"]
[EventRounds "9"]
[EventCountry "CRO"]
[Source "lmi"]
[SourceDate "2007.09.14"]

1. e4 e5 2. Nf3 Nc6 3. Bb5 a6 4. Ba4 Nf6 5. d4 exd4 6. O-O Be7 7. e5 Ne4 8.
Nxd4 O-O 9. Nf5 d5 10. Bxc6 bxc6 11. Nxe7+ Qxe7 12. Re1 Re8 13. f3 Nd6 14. b3
Nf5 15. Qd2 Qc5+ 16. Qf2 Qd4 17. Qxd4 Nxd4 18. Na3 Bf5 19. Be3 Ne6 20. g4 Bg6
21. f4 Be4 22. c4 h5 23. gxh5 f5 24. Kf2 Kf7 25. h4 Rh8 26. Kg3 Rxh5 27. Re2
Rah8 28. Rh2 d4 29. Bd2 Nf8 30. Ba5 Ng6 31. Rd1 c5 32. Bxc7 Rxh4 33. Rxh4 Rxh4
34. Bd6 Rg4+ 35. Kf2 Nxf4 0-1

[Event "17. Europa ch Juvenil - Masculino s18"]
[Site "Sibenik CRO"]
[Date "2007.09.14"]
[Round "1.20"]
[White "Matsenko, Sergei"]
[Black "Kociscak, Jiri"]
[Result "1-0"]
[WhiteElo "2406"]
[BlackElo "2180"]
[PlyCount "87"]
[EventDate "2007.09.14"]
[EventType "swiss"]
[EventRounds "9"]
[EventCountry "CRO"]
[Source "lmi"]
[SourceDate "2007.09.14"]

1. e4 e5 2. Nf3 Nc6 3. Bb5 a6 4. Ba4 Nf6 5. O-O Be7 6. Re1 b5 7. Bb3 d6 8. c3
O-O 9. h3 Na5 10. Bc2 c5 11. d4 Qc7 12. Nbd2 cxd4 13. cxd4 Nc6 14. Nb3 a5 15.
Be3 a4 16. Nbd2 Bd7 17. Rc1 Qb7 18. a3 Rfe8 19. Qe2 h6 20. Bd3 Rab8 21. dxe5
dxe5 22. Bc5 Nh5 23. Bxe7 Nf4 24. Qe3 Rxe7 25. Rc5 b4 26. Bb5 f6 27. Rec1 Nd8
28. Bc4+ Kh8 29. Bd5 Qa7 30. Nh4 Kh7 31. g3 Nxh3+ 32. Kg2 bxa3 33. bxa3 Ne6 34.
Nf5 Nhf4+ 35. gxf4 Nxf4+ 36. Kh2 Bxf5 37. exf5 Rd7 38. Be4 Rb2 39. R1c2 Rd4 40.
Rc7 Qb6 41. Qg3 Nh5 42. Qg6+ Kg8 43. Rc8+ Rd8 44. Rxd8+ 1-0

[Event "17. Europa ch Juvenil - Masculino s18"]
[Site "Sibenik CRO"]
[Date "2007.09.14"]
[Round "1.23"]
[White "Mitrovic, Boris"]
[Black "Bitalzadeh, Ali"]
[Result "1-0"]
[WhiteElo "2127"]
[BlackElo "2389"]
[PlyCount "47"]
[EventDate "2007.09.14"]
[EventType "swiss"]
[EventRounds "9"]
[EventCountry "CRO"]
[Source "lmi"]
[SourceDate "2007.09.14"]

1. f4 d5 2. Nf3 g6 3. g3 Bg7 4. Bg2 c5 5. O-O Nc6 6. d3 Nf6 7. c3 d4 8. e4 dxe3
9. Bxe3 Qd6 10. Na3 Bf5 11. Ne5 Nxe5 12. fxe5 Qxe5 13. Bf4 Qe6 14. Bxb7 Rd8 15.
Qa4+ Kf8 16. Qxa7 Qd7 17. Nc4 Nd5 18. Nb6 Nxb6 19. Qxb6 e5 20. Be3 Bxd3 21. Bc6
Qc8 22. Bxc5+ Kg8 23. Rad1 Bh6 24. Rf3 1-0

[Event "17. Europa ch Juvenil - Masculino s18"]
[Site "Sibenik CRO"]
[Date "2007.09.14"]
[Round "1.24"]
[White "Potapov, Pavel"]
[Black "Cartas, Octavian-Mihai"]
[Result "1/2-1/2"]
[WhiteElo "2386"]
[BlackElo "2111"]
[PlyCount "81"]
[EventDate "2007.09.14"]
[EventType "swiss"]
[EventRounds "9"]
[EventCountry "CRO"]
[Source "lmi"]
[SourceDate "2007.09.14"]

1. e4 e6 2. d4 d5 3. Nd2 c5 4. exd5 Qxd5 5. Ngf3 cxd4 6. Bc4 Qd6 7. O-O Nf6 8.
Nb3 Nc6 9. Nbxd4 Be7 10. Nxc6 Qxc6 11. Qe2 O-O 12. Re1 Rd8 13. Ne5 Qc5 14. Bd3
b6 15. Qf3 Rb8 16. Bf4 Bb7 17. Qh3 Bd6 18. Rad1 Be4 19. b4 Qc7 20. Ng4 Nxg4 21.
Bxd6 Qxd6 22. Rxe4 Ne5 23. Rh4 Kf8 24. Rxh7 Qxb4 25. Qg3 Qg4 26. Qxg4 Nxg4 27.
Re1 Nf6 28. Rh4 g6 29. f3 Ke7 30. Kf2 Rh8 31. Ra4 Rb7 32. h4 Rc7 33. g3 Nd7 34.
Rd4 Kf6 35. Rd1 Nc5 36. Be2 e5 37. Rc4 Re7 38. f4 exf4 39. Rxf4+ Kg7 40. Bc4
Rc8 41. Bd5 1/2-1/2

[Event "17. Europa ch Juvenil - Masculino s18"]
[Site "Sibenik CRO"]
[Date "2007.09.14"]
[Round "1.26"]
[White "Vernay, Clovis"]
[Black "Musovic, Armin"]
[Result "1-0"]
[WhiteElo "2381"]
[BlackElo "2079"]
[PlyCount "69"]
[EventDate "2007.09.14"]
[EventType "swiss"]
[EventRounds "9"]
[EventCountry "CRO"]
[Source "lmi"]
[SourceDate "2007.09.14"]

1. d4 c6 2. c4 d5 3. Nf3 Nf6 4. e3 Bf5 5. cxd5 Nxd5 6. Nbd2 Nf6 7. Ne5 Qc8 8.
Bc4 Be6 9. b3 Bxc4 10. bxc4 Nbd7 11. f4 g6 12. Rb1 Bg7 13. Qb3 b6 14. Qa4 Nxe5
15. fxe5 Nd7 16. O-O O-O 17. Nf3 Qc7 18. Bd2 h6 19. Qc2 e6 20. Qe4 Rac8 21.
Rbc1 Qd8 22. Bb4 c5 23. Be1 Re8 24. Bh4 g5 25. Bg3 f5 26. exf6 Nxf6 27. Qd3 Nd7
28. Rcd1 Qe7 29. h4 Nf8 30. hxg5 hxg5 31. Ne5 Bxe5 32. Bxe5 Qh7 33. Qe2 Qh4 34.
Rf3 Qg4 35. Rxf8+ 1-0

[Event "17. Europa ch Juvenil - Masculino s18"]
[Site "Sibenik CRO"]
[Date "2007.09.15"]
[Round "2.1"]
[White "Tereick, Benjamin"]
[Black "Bindrich, Falko"]
[Result "0-1"]
[WhiteElo "2404"]
[BlackElo "2504"]
[PlyCount "185"]
[EventDate "2007.09.14"]
[EventType "swiss"]
[EventRounds "9"]
[EventCountry "CRO"]
[Source "lmi"]
[SourceDate "2007.09.14"]

1. d4 d5 2. Nf3 Nf6 3. c4 c6 4. e3 e6 5. Nbd2 Nbd7 6. b3 b6 7. Bb2 Bb7 8. Bd3
Be7 9. Ne5 O-O 10. Qf3 Bb4 11. Rd1 Qe7 12. O-O Rad8 13. Qh3 h6 14. Nxd7 Rxd7
15. Nf3 Rc7 16. Ne5 Ba3 17. Ba1 Rd8 18. Ng4 Nxg4 19. Qxg4 Qg5 20. Qe2 c5 21. f4
Qh4 22. cxd5 Bxd5 23. dxc5 Bxc5 24. Be5 Rcc8 25. Kh1 Bb7 26. Bc4 Be4 27. Bd3
Rxd3 28. Rxd3 Bxd3 29. Qxd3 Rd8 30. Qe2 h5 31. e4 Qg4 32. Rf3 Qg6 33. h3 h4 34.
Rd3 Rxd3 35. Qxd3 Qg3 36. Qxg3 hxg3 37. f5 Bf2 38. fxe6 fxe6 39. b4 b5 40. Bd6
Kf7 41. Be5 Kg6 42. Bd6 Kf6 43. Bf4 a6 44. Bc7 e5 45. Bd8+ Kf7 46. Bg5 Be1 47.
Bh4 Bf2 48. Bg5 Ke6 49. Bd2 Bd4 50. Be1 Bf2 51. Bd2 Kf6 52. Bc1 Be1 53. a3 Bf2
54. Bd2 Bd4 55. Bc1 Kg6 56. Bd2 Kh5 57. Bc1 Kh4 58. Bd2 g5 59. Bc1 g4 60. hxg4
Kxg4 61. Bd2 Kh4 62. Bc1 Kh5 63. Bd2 Kg4 64. Bc1 Ba7 65. Bd2 Bf2 66. Bc1 Bd4
67. Bd2 Bb6 68. Bc1 Bd8 69. Bd2 Bf6 70. Bc1 Be7 71. Bd2 Bg5 72. Bc3 Bc1 73.
Bxe5 Bxa3 74. Bc3 Kf4 75. e5 Kf5 76. Be1 Bb2 77. Bxg3 Bc3 78. Kg1 Bxb4 79. Kf2
Bc3 80. Ke3 a5 81. Kd3 Bxe5 82. Be1 a4 83. Bb4 Kg4 84. Kc2 Kg3 85. Kb1 Kxg2 86.
Ka2 Kf3 87. Bf8 Ke4 88. Bb4 Kd3 89. Bf8 Kc4 90. Ka3 Bd4 91. Bh6 Bc5+ 92. Ka2 b4
93. Bg7 0-1

[Event "17. Europa ch Juvenil - Masculino s18"]
[Site "Sibenik CRO"]
[Date "2007.09.15"]
[Round "2.2"]
[White "Kravtsiv, Martyn"]
[Black "Vernay, Clovis"]
[Result "1/2-1/2"]
[WhiteElo "2492"]
[BlackElo "2381"]
[PlyCount "35"]
[EventDate "2007.09.14"]
[EventType "swiss"]
[EventRounds "9"]
[EventCountry "CRO"]
[Source "lmi"]
[SourceDate "2007.09.14"]

1. e4 e6 2. d4 d5 3. Nc3 Bb4 4. e5 c5 5. a3 Bxc3+ 6. bxc3 Ne7 7. Nf3 Nbc6 8. a4
Qa5 9. Qd2 Bd7 10. Bd3 f6 11. Ba3 fxe5 12. dxe5 O-O 13. O-O Rxf3 14. gxf3 Nxe5
15. Qe3 Nxd3 16. cxd3 Rc8 17. Qe5 Ng6 18. Qd6 1/2-1/2

[Event "17. Europa ch Juvenil - Masculino s18"]
[Site "Sibenik CRO"]
[Date "2007.09.15"]
[Round "2.3"]
[White "Rakhmanov, Aleksandr"]
[Black "Brzeski, Maciej"]
[Result "1-0"]
[WhiteElo "2489"]
[BlackElo "2356"]
[PlyCount "77"]
[EventDate "2007.09.14"]
[EventType "swiss"]
[EventRounds "9"]
[EventCountry "CRO"]
[Source "lmi"]
[SourceDate "2007.09.14"]

1. c4 g6 2. Nf3 c5 3. d4 cxd4 4. Nxd4 Nc6 5. e4 Nf6 6. Nc3 d6 7. Be2 Nxd4 8.
Qxd4 Bg7 9. Be3 O-O 10. Qd2 Be6 11. Rc1 Qa5 12. f3 Rfc8 13. b3 a6 14. Na4 Qxd2+
15. Kxd2 Nd7 16. g4 f5 17. gxf5 gxf5 18. Rhg1 Kf7 19. Bd3 fxe4 20. Bxe4 Rc7 21.
Bxh7 b5 22. Bg6+ Kf8 23. Be4 Rb8 24. cxb5 Rxc1 25. Rxc1 d5 26. Bd3 axb5 27. Nc5
Nxc5 28. Rxc5 b4 29. h4 Ra8 30. Bb1 Bc3+ 31. Ke2 Kf7 32. h5 Rg8 33. Bg6+ Kf6
34. Rc6 d4 35. Bf2 Ra8 36. Bh4+ Ke5 37. Bg3+ Kf6 38. Kd3 Rxa2 39. Bh4+ 1-0

[Event "17. Europa ch Juvenil - Masculino s18"]
[Site "Sibenik CRO"]
[Date "2007.09.15"]
[Round "2.4"]
[White "Stupak, Kirill"]
[Black "Edouard, Romain"]
[Result "1/2-1/2"]
[WhiteElo "2377"]
[BlackElo "2483"]
[PlyCount "39"]
[EventDate "2007.09.14"]
[EventType "swiss"]
[EventRounds "9"]
[EventCountry "CRO"]
[Source "lmi"]
[SourceDate "2007.09.14"]

1. d4 Nf6 2. Nf3 e6 3. c4 c5 4. g3 cxd4 5. Nxd4 d5 6. Nc2 Nc6 7. cxd5 exd5 8.
Bg2 Be6 9. O-O Qd7 10. Nc3 Rd8 11. Nd4 Bh3 12. Bg5 Bxg2 13. Kxg2 Be7 14. Rc1
O-O 15. Nxc6 Qxc6 16. Qa4 Qe6 17. Rfd1 h6 18. Bxf6 Bxf6 19. e3 a6 20. Qb3
1/2-1/2